Tam quốc diễn nghĩa liên hoàn họa : Truyện tranh Tập 9: Lý Quách giao binh
Thuật lại việc Lý Thôi, Quách Dĩ tàn sát lẫn nhau. Nhân đó, Tào Tháo khởi quân đánh bại cả hai, chiếm lấy đại quyền trong triều đình
Bewaard in:
| Hoofdauteur: | |
|---|---|
| Andere auteurs: | , , , |
| Formaat: | Boek |
| Taal: | Vietnamese |
| Gepubliceerd in: |
H.
Văn học
2016
|
| Editie: | Tái bản lần thứ 1 |
| Onderwerpen: | |
| Tags: |
Voeg label toe
Geen labels, Wees de eerste die dit record labelt!
|
| Thư viện lưu trữ: | Thư viện Trường Đại học Nam Cần Thơ |
|---|
| LEADER | 01508nam a22002657a 4500 | ||
|---|---|---|---|
| 001 | NCT_4_021135 | ||
| 008 | 250524b xxu||||| |||| 00| 0 vie d | ||
| 999 | |c 9032 |d 9032 | ||
| 020 | |a 9786046974925 |c 11500 | ||
| 082 | 0 | 4 | |2 23rd ed. |a 895.1 |b Tr513/T.9 |
| 100 | 1 | |a La Quán Trung | |
| 245 | 1 | 0 | |a Tam quốc diễn nghĩa liên hoàn họa : |b Truyện tranh |n Tập 9: |p Lý Quách giao binh |c La Quán Trung (Nguyên tác) ; Lương Sĩ (Lời) ; Uông Ngọc Sơn, Triệu Tam Đảo (Tranh) ; Trần Đình Chiến (Dịch) |
| 250 | |a Tái bản lần thứ 1 | ||
| 260 | |a H. |b Văn học |c 2016 | ||
| 300 | |a 116 tr. |b Minh họa |c 16x12 cm | ||
| 500 | |a Đông A biên chỉnh theo bản Tam quốc diễn nghĩa do Phan Kế Bính dịch, Bùi Kỷ hiệu đính, NXB Phổ Thông, 1959-1960 | ||
| 520 | 3 | |a Thuật lại việc Lý Thôi, Quách Dĩ tàn sát lẫn nhau. Nhân đó, Tào Tháo khởi quân đánh bại cả hai, chiếm lấy đại quyền trong triều đình | |
| 653 | |a Tham khảo | ||
| 700 | 1 | |a Lương Sĩ |e Lời | |
| 700 | 1 | |a Uông Ngọc Sơn |e Tranh | |
| 700 | 1 | |a Triệu Tam Đảo |e Tranh | |
| 700 | 1 | |a Trần Đình Chiến |e Dịch | |
| 942 | |2 ddc |c BK | ||
| 952 | |0 0 |1 0 |2 ddc |4 0 |6 895_100000000000000_TR513_T_9 |7 0 |9 30840 |a 000001 |b 000001 |d 2025-05-24 |o 895.1 Tr513/T.9 |p TK.05504 |r 2025-05-24 |v 11500.00 |w 2025-05-24 |y BK | ||
| 980 | |a Thư viện Trường Đại học Nam Cần Thơ | ||


